000 01063nam a2200253Ia 4500
003 Ost
005 20260507075658.0
008 260507s9999||||xx |||||||||||||| ||und||
020 _a9773680347
040 _cfsecg
041 _aara
082 _a658.40388
100 _aالصيرفي، محمد
_eمؤلف
245 0 _aنظم المعلومات الإدارية /
_c محمد الصيرفي
260 _aالاسكندرية:
_bمؤسسة حورس الدولية,
_c2005
300 _a344 صفحة؛
_bإيضاحات ؛
_c24 سم
490 _aسلسلة كتب المعارف الادارية الكتاب
_v23
504 _aالمراجع ص.335
520 _aالنظرية العامة للنظم، البيانات، المعلومات، نظم المعلومات، نظم المعلومات الادارية، النظم الفرعية الإدارية.
653 _aالتكنولوجيا
653 _aنظم المعلومات الإدارية
653 _aنظم المعلومات- المؤسسة الممتدة
942 _cكتاب
999 _c45741
_d45741